000 00943na a2200289 4500
001 18519
003 MIRAKIL
005 20181213154946.0
008 161121b tu 000 0
020 _a9757741132
035 _a18519
040 _aMilas
_btur
_cTR-AnCHP
041 _atur
082 _a352.9561
_b Y36 1993
090 _a352.9561 Y36 1993
245 _aYerel yönetimlerde başarının yolları
_chazırlayanlar Sadun Emrelp, Selahattin Yıldırım ; katkıda bulunanlar George P. Barbour, Ömer Gün Bulut, Drew Horgan
260 _aAnkara
_bT.C. Başbakanlık Toplu Konut İdaresi Başkanlığı
_c1993
300 _a84 s.
_c24 sm.
650 _aYerel yönetimler
_xBaşarılar
_zTürkiye
650 _aYerel yönetimler
_xTürkiye
700 _aHorgan, Drew
700 _aBulut, Ömer Gün
700 _aP. Barbour, George
700 _aYıldırım, Selahattin
700 _aEmrelp, Sadun
942 _2ddc
_cBKS
999 _c3886
_d3886